Ceremonias
Uloženo v:
| Hlavní autor: | |
|---|---|
| Médium: | Kniha |
| Jazyk: | španělština |
| Vydáno: |
Barcelona
Seix Barral
1979
|
| Vydání: | 7a. ed |
| Edice: | Nueva Narrativa Hispánica
|
| Témata: | |
| Tagy: |
Přidat tag
Žádné tagy, Buďte první, kdo vytvoří štítek k tomuto záznamu!
|
MARC
| LEADER | 00000nam a2200000 a 4500 | ||
|---|---|---|---|
| 001 | UCT1635 | ||
| 003 | CL-VaPUC | ||
| 008 | 961004e19790000SP |||||||||||||||||spa|d | ||
| 082 | 0 | 4 | |a Ar863 |b COR |2 21 |
| 100 | |a Cortázar, Julio, |d 1914-1984 |e author |9 347319 | ||
| 245 | 1 | 0 | |a Ceremonias |
| 250 | |a 7a. ed | ||
| 300 | |a 295 p | ||
| 942 | |c BK | ||
| 945 | |d 19961004 00:00:00 |a nastorga | ||
| 260 | |a Barcelona |b Seix Barral |c 1979 | ||
| 650 | 0 | |a Novelas argentinas |9 267871 | |
| 583 | |a last modification |c 19961004 00:00:00 |k Rodrigo Vera | ||
| 490 | 0 | |a Nueva Narrativa Hispánica | |
| 999 | |c 252103 |d 252101 | ||
| 952 | |0 0 |1 0 |4 0 |6 AR_863_000000000000000_COR_1979 |7 0 |8 A |9 271779 |a BIBEDU |b BIBEDU |d 2019-11-19 |i 323388K |o Ar863 COR 1979 |p 323388K |r 2019-11-19 |w 2019-11-19 |y BK |k LIT | ||
| 952 | |0 0 |1 0 |4 0 |6 AR_863_000000000000000_COR_1979 |7 0 |8 A |9 271780 |a BIBEDU |b BIBEDU |d 2019-11-19 |i 1438840 |o Ar863 COR 1979 |p 1438840 |r 2019-11-19 |w 2019-11-19 |y BK |k LIT | ||